Powiaty na literę N - Statystyki

Ogólne statystyki
  • Ten quiz został rozwiązany 366 razy
  • Średni wynik to 11 z 13
Statystyki odpowiedzi
Województwo Powiat % Poprawnych
małopolskie nowotarski
94%
opolskie nyski
94%
małopolskie nowosądecki
93%
opolskie namysłowski
91%
mazowieckie nowodworski
90%
pomorskie nowodworski
90%
warmińsko-mazurskie nidzicki
88%
lubuskie nowosolski
87%
kujawsko-pomorskie nakielski
86%
małopolskie Nowy Sącz
86%
wielkopolskie nowotomyski
84%
warmińsko-mazurskie nowomiejski
82%
podkarpackie niżański
79%
Nie znaleziono quizów pasujących do podanych kryteriów
Rozkład punktacji
Procent ludzi z każdym wynikiem
Percentyl według liczby udzielonych odpowiedzi
Twoja historia wyników
Nie rozwiązałeś tego quizu